|
|
|
|
| LEADER |
01364nam a2200421 a 4500 |
| 001 |
000563273 |
| 003 |
CZ BrMZK |
| 005 |
20091015092105.0 |
| 007 |
ta |
| 008 |
010907s2001 xr e p e cze d |
| 015 |
|
|
|a cnb000994545
|
| 020 |
|
|
|a 80-85834-95-2
|
| 035 |
|
|
|a (OCoLC)50340317
|
| 040 |
|
|
|a BOA001
|b cze
|
| 041 |
1 |
|
|a cze
|a pli
|
| 072 |
|
7 |
|a 811.21/.22
|x Indoíránské jazyky
|2 Konspekt
|9 11
|
| 072 |
|
7 |
|a 37.016
|x Učební osnovy. Vyučovací předměty. Učebnice
|2 Konspekt
|9 22
|
| 080 |
|
|
|a 811.212
|2 MRF
|
| 080 |
|
|
|a 821.212
|2 MRF
|
| 080 |
|
|
|a 24-23/-24
|2 MRF
|
| 080 |
|
|
|a 24-1/-9
|2 MRF
|
| 080 |
|
|
|a (07)
|2 MRF
|
| 080 |
|
|
|a (0:82-4)
|2 MRF
|
| 100 |
1 |
|
|a Frýba, Mirko,
|d 1943-2016
|7 jn20010602635
|
| 245 |
1 |
0 |
|a Páli :
|b jazyk, texty, kultura /
|c Mirko Frýba
|
| 250 |
|
|
|a Vyd. 1.
|
| 260 |
|
|
|a Boskovice :
|b Albert,
|c 2001
|
| 300 |
|
|
|a 233 s. ;
|c 23 cm
|
| 650 |
0 |
7 |
|a jazyk páli
|7 ph135843
|2 czenas
|
| 650 |
0 |
7 |
|a literatura páli
|7 ph135844
|2 czenas
|
| 650 |
0 |
7 |
|a posvátné texty
|7 ph170468
|2 czenas
|
| 650 |
0 |
7 |
|a posvátné knihy
|7 ph115830
|2 czenas
|
| 650 |
0 |
7 |
|a učení buddhismu
|7 ph162902
|2 czenas
|
| 655 |
|
7 |
|a učební texty
|7 fd133599
|2 czenas
|
| 655 |
|
7 |
|a eseje
|7 fd132213
|2 czenas
|
| 910 |
|
|
|a BOA001
|b 2-1086.516
|
| 990 |
|
|
|a BK
|
| 996 |
6 |
|
|b 2610136694
|c 2-1086.516
|l MZK
|r Sklad / do 1 hodiny
|n 3
|p p.v.
|w 000563273
|u 000010
|a 1
|e BOA001
|j MZK50
|s P
|